[Cestovný ruch. Politika a ekonómia]

Recenzia na monografiu autora M. Gúčika - "Cestovný ruch. Politika a ekonómia". Politika cestovného ruchu predstavuje politiku v spojitosti s cestovným ruchom, t. j. jej podstatu, model uplatňovaný v štátoch OECD, v krajinách s rozvinutým cestovným ruchom. Cestovný ruch je významným fenoménom v poli...

Descrizione completa

Salvato in:
Dettagli Bibliografici
Autore principale: Eliašová, Darina
Natura: Capitolo di libro
Lingua:slovacco
Soggetti:
Tags: Aggiungi Tag
Nessun Tag, puoi essere il primo ad aggiungerne!!

MARC

LEADER 00000naa a2200000 4500
001 0150156
005 20240502072712.3
041 0 |a slo 
044 |a SK 
245 1 0 |a [Cestovný ruch. Politika a ekonómia]  |c Darina Eliašová 
520 |a Recenzia na monografiu autora M. Gúčika - "Cestovný ruch. Politika a ekonómia". Politika cestovného ruchu predstavuje politiku v spojitosti s cestovným ruchom, t. j. jej podstatu, model uplatňovaný v štátoch OECD, v krajinách s rozvinutým cestovným ruchom. Cestovný ruch je významným fenoménom v politike EÚ. Ekonómia cestovného ruchu je obsiahnutá v druhej časti publikácie. Z textu môže čitateľ jednoznačne pochopiť, čo je ekonómia a ekonomika uplatňovaná v dimenzii cestovného ruchu. 
610 2 0 |a ruch cestovný 
610 2 0 |a recenzie 
610 2 0 |a politika 
610 2 0 |a ekonómia 
100 1 |a Eliašová, Darina